000 01115cam a22003377a 4500
003 CHAP
005 20220329133829.0
008 971013s1984 r 00010 d
010 _a11522
011 _a12494
035 _a15680
040 _cCHAP
082 _a634.9
_bN37
110 _aNational Research Council. Washington. Subcommittee on Swine Nutrition
_980375
245 0 _aAgroforestry in the West African Sahel
260 _aWashington, D. C. :
_bNational Academy Press,
_c1984
300 _a86 p.
_b: ilus.
590 _aBATCH-UPD
_b10
_c20130109
_lUCH01
_h2310
590 _aBATCH-UPD
_b10
_c20130110
_lUCH01
_h0205
590 _aBATCH-UPD
_b10
_c20130110
_lUCH01
_h1731
590 _aBATCH-UPD
_b10
_c20130410
_lUCH01
_h1112
590 _aBATCH-UPD
_b10
_c20130913
_lUCH01
_h2117
590 _aCONVERSION
_b10
_c20130109
_lUCH01
_h1308
650 1 4 _aAgricultura
_xSahel.
_91789
650 1 4 _aAgroforestería.
_92156
650 1 4 _aBosques
_xSahel.
_914383
650 1 4 _aSahel
_xAgricultua.
_9101202
901 _aBK
942 _cLIBRO
949 _a634.9 N37
_bBC
_cLIBRO
_d33724000221321
_eLIBRO
_h69939
_i15680
_si
999 _c11522
_d11522